|
|
|
|
| LEADER |
00000nam0a2200000 4500 |
| 001 |
118678 |
| 005 |
20231031124227.0 |
| 010 |
|
|
|a 5222090957
|
| 035 |
|
|
|a (RuTPU)RU\TPU\book\128423
|
| 090 |
|
|
|a 118678
|
| 100 |
|
|
|a 20070615d2006 m y0rusy50 ca
|
| 101 |
0 |
|
|a rus
|
| 102 |
|
|
|a RU
|
| 105 |
|
|
|a a j 001zy
|
| 200 |
1 |
|
|a Девиантное поведение молодежи
|e учебное пособие
|f П. С. Самыгин
|
| 210 |
|
|
|a Ростов-на-Дону
|c Феникс
|d 2006
|
| 215 |
|
|
|a 441 с.
|c ил.
|
| 225 |
1 |
|
|a Высшее образование
|
| 320 |
|
|
|a Библиогр.: с. 418-438.
|
| 330 |
|
|
|a В учебном пособии рассматриваются понятия: «социализация», «десоциализация», «социализация молодежи»; раскрываются вопросы: взаимосвязь социализации и личностного развития, особенности социализации личности в России, факторы социализации и десоциализации молодежи, виды молодежных девиаций; проводится социологический анализ девиантного поведения молодежи, выявляются истоки, причины, а также факторы, оказывающие влияние на его формирование. Опираясь на данные теоретических и эмпирических исследований, автор показывает специфику поведенческих девиаций молодежи России, выявляет роль агентов социализации в профилактике и коррекции данного явления. Учебное пособие предназначено студентам, аспирантам и преподавателям социологических, психологических, философских специальностей, а также всем, интересующимся указанной проблематикой.
|
| 610 |
1 |
|
|a психология
|
| 610 |
1 |
|
|a личность
|
| 610 |
1 |
|
|a возрастная психология
|
| 610 |
1 |
|
|a молодежь
|
| 610 |
1 |
|
|a девиантное поведение
|
| 610 |
1 |
|
|a подростки
|
| 610 |
1 |
|
|a детская психология
|
| 610 |
1 |
|
|a социализация
|
| 610 |
1 |
|
|a девиация
|
| 610 |
1 |
|
|a алкоголизм
|
| 610 |
1 |
|
|a наркомания
|
| 610 |
1 |
|
|a сексуальные девиации
|
| 610 |
1 |
|
|a профилактика
|
| 610 |
1 |
|
|a психологическое воздействие
|
| 610 |
1 |
|
|a методология
|
| 610 |
1 |
|
|a социологические исследования
|
| 610 |
1 |
|
|a учебные пособия
|
| 686 |
|
|
|a Ю937.4я73
|v LBC/SL-A
|2 rubbk
|
| 686 |
|
|
|a Ю98я73
|v LBC/SL-A
|2 rubbk
|
| 700 |
|
1 |
|a Самыгин
|b П. С.
|g Петр Сергеевич
|
| 801 |
|
1 |
|a RU
|b 63413507
|c 20070615
|g PSBO
|
| 801 |
|
2 |
|a RU
|b 63413507
|c 20120315
|g PSBO
|
| 900 |
|
|
|a Проблемы социальной работы с молодежью
|
| 942 |
|
|
|c BK
|
| 959 |
|
|
|a 47/20070604
|d 1
|e 99,00
|f ЧЗГЛ:1
|